000 01024nam a2200241 a 4500
001 BRCA_8863
005 20190320210435.0
008 140617s2016----u--a######---#000-0#eng-#
020 _a9780914738503
041 _aeng
044 _au
050 4 _aN7593
_b.N48 2016
245 1 0 _aNew England / New Spain
_bportraiture in the colonial americas, 1492-1850 : papers from the 2014 Mayer Center Symposium at the Denver Art Museum
_cedited by Donna Pierce.
260 _aDenver, CO
_bDenver Art Museum
_c2016
300 _a223 p.
_bil. a color
_c28 cm.
440 0 _aSymposium series (Frederick and Jan Mayer Center for Pre-Columbian and Spanish Colonial Art at the Denver Art Museum 2014)
_922071
650 1 4 _aRetratos coloniales
_vCongresos
_zEstados Unidos
_922072
650 1 4 _aRetratos coloniales
_vCongresos
_zNueva EspaƱa
_922073
650 1 4 _aRetratos americanos
_vCongresos
_922074
650 1 4 _aPintura de retratos coloniales
_vCongresos
_zEstados Unidos
_922075
700 1 _aPierce, Donna
_eed.
_922076
942 _2lcc
_cB
999 _c8514
_d8514